| 000 | 00942cam a22003011a 4500 | ||
|---|---|---|---|
| 999 |
_c28877 _d28848 |
||
| 001 | 7522962 | ||
| 003 | EG-ScBUE | ||
| 005 | 20200928143218.0 | ||
| 008 | 870919s1965 enkb f b 001 0 eng d | ||
| 035 | _a(OCoLC)16720362 | ||
| 040 |
_aDLC _beng _erda _cOrPS _dMoSpCB _dUk _dDLC _dEG-ScBUE |
||
| 043 | _af------ | ||
| 082 |
_a916 _bFOR _222 |
||
| 100 | 1 |
_aFordham, Paul, _d1925- _eauthor. |
|
| 245 | 1 | 4 |
_aThe geography of African affairs / _cPaul Fordham. |
| 264 | 1 |
_aMiddlesex, England : _bPenguin Books Ltd, _c1965. |
|
| 300 |
_a244 pages : _bmaps ; _c18 cm. |
||
| 336 |
_2rdacontent _atext _btxt |
||
| 337 |
_2rdamedia _aunmediated _bn |
||
| 338 |
_2rdacarrier _avolume _bnc |
||
| 490 | 0 | _aa Pelican book | |
| 504 | _aIncludes bibliographical references and index. | ||
| 651 | 7 |
_aAfrica. _2BUEsh |
|
| 653 |
_bGGEN _cSeptember2020 |
||
| 655 |
_vReading book _934232 |
||
| 906 |
_a7 _bcbc _coclcrpl _du _encip _f19 _gy-gencatlg |
||
| 942 |
_2ddc _cBB |
||